| 000 | 00433 a2200169 4500 | ||
|---|---|---|---|
| 001 | 113819 | ||
| 041 | _apor | ||
| 090 | _aPL 320 ELO | ||
| 100 | _aEloi, Maria Amelia. | ||
| 250 | _a. ed. | ||
| 300 | _a31 p | ||
| 697 | _aEstatuto da criança e do adolescente. | ||
| 040 |
_aBR-BrIDEA _cBR-BrIDEA |
||
| 245 | 1 | 0 |
_aECA _bem tirinhas para crianças _c Maria Amelia Eloi |
| 260 |
_a[S.l.] _bCâmara dos Deputados _c2016 |
||
| 942 | _cBK | ||
| 999 |
_c113819 _d113819 |
||